000 00392pab a2200145 454500
008 180718b1983 xxu||||| |||| 00| 0 eng d
100 _aWionczek, Resources
245 _aEnergy and international security in the 1980s realities or mis - perceptions
260 _c1983
300 _a839-47
362 _aOct.
650 _aEnergy Resources
773 _aThird World Quarterly
909 _a7547
999 _c7547
_d7547